La sociedad y la educación en América Latina

Αποθηκεύτηκε σε:
Λεπτομέρειες βιβλιογραφικής εγγραφής
Κύριος συγγραφέας: Havighurst, Robert James (Συγγραφέας)
Μορφή: Βιβλίο
Γλώσσα:Ισπανικά
Έκδοση: Buenos Aires EUDEBA 1970
Έκδοση:3a. ed
Σειρά:La Escuela en el Tiempo
Θέματα:
Ετικέτες: Προσθήκη ετικέτας
Δεν υπάρχουν, Καταχωρήστε ετικέτα πρώτοι!

MARC

LEADER 00000nam a2200000 a 4500
001 UCU0107
003 CL-VaPUC
008 960315e19700000AG |||||||||||||||||spa|d
082 0 4 |a 306.43  |b HAV  |2 21 
100 |a Havighurst, Robert James  |e author  |9 355091 
245 1 3 |a La sociedad y la educación en América Latina 
250 |a 3a. ed 
300 |a 335 p 
942 |c BK 
945 |d 19960315 00:00:00  |a lriquelm 
260 |a Buenos Aires  |b EUDEBA  |c 1970 
650 0 |a Sociología de la educación   |9 260380 
650 0 |a Cambio social   |9 256857 
650 0 |a Desarrollo económico y social   |9 256320 
650 7 |a EDUCACION Y DESARROLLO  |2 CL-VaPUC  |9 324696 
651 0 |a América Latina   |9 255027 
583 |a last modification  |c 19960315 00:00:00  |k Rodrigo Vera 
490 0 |a La Escuela en el Tiempo 
999 |c 245052  |d 245050 
952 |0 0  |1 0  |4 0  |6 306_430000000000000_HAV_1970  |7 0  |8 P  |9 259403  |a BIBEDU  |b BIBEDU  |c BIBEDU_PB  |d 2019-11-19  |i 2754851  |o 306.43 HAV 1970  |p 2754851  |r 2024-01-25  |w 2019-11-19  |y BK  |k EDU